Programa razonado de la asignatura de Derecho Administrativo / por José María Gich y Pi
Descripción Física:
220 p ; 17 p.
Materias:
Dret administratiu
MARC
| LEADER | 00000nam a2200000Ia 4500 | ||
|---|---|---|---|
| 001 | 18711 | ||
| 008 | 160829s1913 o 1917] xx 000 0 cat d | ||
| 080 | |a D-3-147 | ||
| 100 | |a Gich i Pi, Josep Maria |9 29016 | ||
| 245 | |a Programa razonado de la asignatura de Derecho Administrativo / por José María Gich y Pi | ||
| 260 | |a [s.l. : |b s.n., |c 1913 o 1917] | ||
| 300 | |a 220 p ; |c 17 p. | ||
| 590 | |a Manuscrit. | ||
| 590 | |a Prové de 3267 | ||
| 650 | 0 | |a Dret administratiu |9 7957 | |
| 901 | |a Arxiu | ||
| 942 | |n 1 | ||
| 952 | |0 0 |1 0 |4 0 |6 D3147 |7 1 |9 48395 |a Arxiu |b Arxiu |d 2016-12-01 |l 0 |o D-3-147 |p 18711 |r 2016-12-01 00:00:00 |w 2016-12-01 |y ARXIU | ||
| 999 | |c 52223 |d 52223 | ||